Statistics for U.S. State Tourism Marketing Slogans

Click here to take the quiz!

General Stats

  • This quiz has been taken 30 times
  • The average score is 15 of 52

Answer Stats

Tourism SloganState% Correct
Sweet Home ____Alabama
89%
I ❤️ ____New York
85%
That's WYWyoming
85%
IN ____Indiana
78%
Beauty in the BluegrassKentucky
78%
Find Your M-OMissouri
74%
____ Is For LoversVirginia
67%
Live FreeNew Hampshire
63%
Sun's Shining in ____Florida
59%
Fun-SizedRhode Island
56%
Discover ____South Carolina
56%
Malama ____.Hawaii
44%
Almost HeavenWest Virginia
41%
Live BoricuaPuerto Rico
37%
The Middle of EverythingIllinois
33%
Dream BigCalifornia
30%
Ready. Set. ____.Georgia
30%
Pursue Your PureMichigan
30%
Honestly, It's Not For EveryoneNebraska
26%
Be Legendary.North Dakota
26%
Feed Your SoulLouisiana
22%
____. Find It Here.Ohio
22%
Let's ____Texas
22%
Extraordinary is OrdinaryOregon
19%
True to NatureWashington
19%
____ is...Alaska
15%
Beyond Words.Idaho
15%
To the StarsKansas
15%
Open For ItMaryland
15%
Dream StateMinnesota
15%
Go Find OutMontana
15%
Pursue Your HappinessPennsylvania
15%
____ On MeTennessee
15%
In Love In ____Utah
15%
Here's to ____Wisconsin
15%
Here You AreArizona
11%
Come to LifeColorado
11%
Find Your VibeConnecticut
11%
Endless DiscoveriesDelaware
11%
Experience ____District of Columbia
11%
This is ____Iowa
11%
____ Invites YouMaine
11%
Wanderers WelcomeMississippi
11%
Discover Your ____Nevada
11%
Boost Your MoodNew Jersey
11%
____ TrueNew Mexico
11%
For Real, Visit ____North Carolina
11%
Imagine That.Oklahoma
11%
Go Great PlacesSouth Dakota
11%
A Place All Its OwnVermont
11%
Seek MoreArkansas
7%
It's All HereMassachusetts
7%

Score Distribution

Percentile by Number Answered

Percent of People with Each Score

Your Score History

You have not taken this quiz